|
|
|
|
| LEADER |
00000nab a2200000 a 4500 |
| 001 |
vtls008771384 |
| 003 |
SK-MaSNL |
| 005 |
20260304210026.0 |
| 008 |
250505c2006 xo mr|p|||||||000 b|slo |
| 015 |
|
|
|a SNBRB2006/06
|2 snkbucl
|
| 035 |
|
|
|a (uuid)4f925f9f-8003-4960-87a2-74ebd56ff8fd
|
| 035 |
|
|
|a urn:nbn:sk:snk-abc0b3
|
| 035 |
|
|
|a (urnnbn)urn:nbn:sk:snk:ar-004fim
|
| 038 |
|
|
|a SNKBUCL
|
| 040 |
|
|
|a SNKBUCL
|b slo
|c SNKBUCL
|e AACR2
|
| 041 |
0 |
|
|a slo
|
| 044 |
|
|
|a xo
|c SK
|
| 080 |
|
|
|a 82:929:821.131.1
|2 1997
|
| 080 |
|
|
|a 821.131.1:929
|2 1997
|
| 080 |
|
|
|a 929 Calvino, Italo
|2 1997
|
| 100 |
1 |
|
|a Mesárová, Eva,
|d 1974-
|4 aut
|9 208247
|
| 245 |
1 |
0 |
|a Cestovateľ svetom skutočnosti i fantázie, Italo Calvino ...
|c Eva Mesárová
|
| 600 |
1 |
7 |
|a Calvino, Italo,
|d 1923-1985
|2 snkbucl
|9 121101
|
| 773 |
0 |
|
|t Revue svetovej literatúry
|g Roč. XLII, č. 1 (2006), s. 113-114
|
| 850 |
|
|
|a Slovenská národná knižnica
|
| 852 |
|
|
|a Slovenská národná knižnica
|
| 958 |
|
|
|a article15
|
| 958 |
|
|
|a OND
|
| 958 |
|
|
|a LX
|
| 958 |
|
|
|a IT
|
| 958 |
|
|
|a BC
|
| 958 |
|
|
|a EUIPO
|
| 999 |
|
|
|c 3124136
|d 3126066
|